Values of time savings of commercial vehicles /

Bibliographic Details
Main Author: Adkins, William G.
Corporate Author: Texas Transportation Institute
Other Authors: Ward, Allen W., McFarland, William F.
Format: Book
Language:English
Published: [Washington] : Highway Research Board, Division of Engineering, National Research Council, National Academy of Sciences, 1967.
Series:Report (National Cooperative Highway Research Program) ; 33.
Subjects:

MARC

Tag First Indicator Second Indicator Subfields
LEADER 00000cam a22000001 4500
001 in00000142007
005 20151002071738.0
008 731207s1967 dcub b 00010 eng
010 |a  67060059  
035 |a (OCoLC)00953727 
035 |9 AAQ1913AM 
040 |a DLC  |c DLC  |d TXA  |d UtOrBLW 
049 |a TXAM  |c [521159] 
050 0 0 |a TE7  |b .N25 no. 33 
082 0 |a 388.3/2 
100 1 |a Adkins, William G. 
245 1 0 |a Values of time savings of commercial vehicles /  |c [by] William G. Adkins, Allen W. Ward, and William F. McFarland. 
264 1 |a [Washington] :  |b Highway Research Board, Division of Engineering, National Research Council, National Academy of Sciences,  |c 1967. 
300 |a 74 pages :  |b map. ;  |c 28 cm. 
336 |a text  |b txt  |2 rdacontent 
337 |a unmediated  |b n  |2 rdamedia 
338 |a volume  |b nc  |2 rdacarrier 
490 1 |a National Cooperative Highway Research Program report,  |v 33 
500 |a "Concludes the research done at [Texas Transportation Institute of] Texas A & M University on a project entitled The value of highway travel time, comfort, convenience, and uniform driving speed." 
504 |a Bibliography: pages 54-74. 
650 0 |a Transportation, Automotive  |x Cost of operation. 
700 1 |a Ward, Allen W. 
700 1 |a McFarland, William F. 
710 2 |a Texas Transportation Institute. 
830 0 |a Report (National Cooperative Highway Research Program) ;  |v 33. 
999 |a MARS 
999 f f |s 0f2b2048-0efe-3200-9a17-f01242b35b66  |i 6772b5a1-26ad-38cb-b752-202faccfce77  |t 0 
952 f f |p normal  |a Texas A&M University  |b College Station  |c Sterling C. Evans Library  |d Evans: Library Stacks  |t 0  |e TE7 .N25 no.33  |h Library of Congress classification  |i unmediated -- volume  |m A14805383094 
952 f f |p ric  |a Texas A&M University  |b Rellis Campus  |c Joint Library Facility  |d Remote Storage  |t 0  |e TE7 .N25 no.33  |h Library of Congress classification  |i unmediated -- volume  |m A14824086627 
998 f f |a TE7 .N25 no.33  |t 0  |l Remote Storage 
998 f f |a TE7 .N25 no.33  |t 0  |l Evans: Library Stacks